| 000 | 00746nam a2200181 a 4500 | ||
|---|---|---|---|
| 005 | 20240924064323.0 | ||
| 008 | 010507s1977 mx r 000 0 spa d | ||
| 035 | _aUPN01000106080 | ||
| 049 | _aCG | ||
| 050 | 4 |
_aLB2053 _bP4.2 |
|
| 110 | 2 |
_aPerú. _bDirección General de Educación Básica Laboral y Calificación |
|
| 245 | 1 | 0 |
_aCurriculum de educación básica laboral : _bciclo III, 7o. grado :líneas de acción educativa graduadas / _cDirección General de Educación Básica Laboral y Calificación. |
| 260 |
_aLima : _bDirección General de Educación Basica Laboral y Calificación, _c1977. |
||
| 300 |
_a520 p. : _bil. |
||
| 650 | 1 | 4 |
_aEducación _zPerú _99716 |
| 650 | 2 | 4 |
_aEDUCACION - _zPERU - _vPLANES Y PROGRAMAS _917873 |
| 905 | _aLibro | ||
| 999 |
_c79993 _d79993 |
||